000 00542nam a2200205Ia 4500
003 OSt
005 20260507101146.0
008 210210b1990 xxu||||| |||| 00| 0 eng d
040 _cAL
041 _aKannada
082 _a616.8K KAPM
100 _aKAPANIPATAYYA (N).
_dಕಪಾನಿಪತಯ್ಯ (ಎನ್)
_9263422
245 _aMurche.
_bಮೂರ್ಛೆ
260 _aBengaluru.
_bSantosh Pablikeshans,
_c1990
300 _a64
650 _aEpilepsy
_9263423
690 _aDiseases
_9263424
906 _a045790
942 _2ddc
_cBK
999 _c95129
_d95129